000 00863nam a2200241 i 4500
003 DO-SdBNP
005 20240115124817.0
007 ta
008 240115b1912 dr ||||| |||| 00| 0 spa d
040 _aDO-SdBNP
_bspa
_cBNPHU
_erda
082 4 _222
110 2 _aInstituto Profesional de Santo Domingo
_bFacultad de Derecho
_984773
245 1 0 _aPuede el tercero detentador oponer la prescripción de diez o veinte años alacreedor hipotecario que ha cumplido las disposiciones legales? :
_btesis para la licenciatura /
_cRafael Aug. Sánchez
264 _aSanto Domingo :
_bLa Cuna de América,
_c1912.
300 _a34 páginas ;
_c23 cm.
336 _2rdacontent
_atexto
_btxt
337 _2rdamedia
_asin mediación
_bn
338 _2rdacarrier
_avolumen
_bnc
500 _aTesis
590 _aInventariado, 2024/BT
910 _aBtavárez
942 _2ddc
_cLF2
999 _c55662
_d55662